[Event "Olympiad-32"]
[Site "Yerevan"]
[Date "1996.09.18"]
[Round "3.2"]
[White "Marin, Mihail"]
[Black "Hebert, Jean"]
[Result "1-0"]
[WhiteElo "2530"]
[BlackElo "2435"]
[PlyCount "119"]
[GameId "1165542723026944"]
[EventDate "1996.09.15"]
[EventType "team-swiss"]
[EventRounds "14"]
[EventCountry "ARM"]
[SourceTitle "CBM 055"]
[Source "ChessBase"]
[SourceDate "1996.12.01"]
[SourceVersion "1"]
[SourceVersionDate "1996.12.01"]
[SourceQuality "1"]
[WhiteTeam "Romania"]
[BlackTeam "Canada"]
[WhiteTeamCountry "ROU"]
[BlackTeamCountry "CAN"]

1. Nf3 Nf6 2. g3 d5 3. Bg2 g6 4. c4 Bg7 5. O-O O-O 6. d4 c6 7. b3 a5 8. Nc3 Ne4 9. Bb2 Nxc3 10. Bxc3 Bf5 11. e3 Be4 12. Qe2 Nd7 13. Rfc1 e6 14. Bf1 Bxf3 15. Qxf3 f5 16. cxd5 exd5 17. b4 axb4 18. Bxb4 Rf7 19. a4 Nb8 20. a5 Na6 21. Bd2 Bf8 22. Rab1 Ra7 23. Bd3 Ba3 24. Rc2 Qf8 25. Rb6 Nb8 26. Qd1 Be7 27. Qb1 Bd8 28. Rb3 Qg7 29. Rcb2 Rd7 30. Kg2 Qf7 31. Bb4 Be7 32. Bxe7 Qxe7 33. Rb6 Rc7 34. R2b3 Kg7 35. h4 h5 36. Qb2 Kf7 37. Kh2 Kg7 38. R3b4 Kf7 39. Qb3 Kg7 40. Qb1 Qf7 41. a6 Nxa6 42. Ra4 Qf6 43. Qd1 Qe7 44. Qe2 Ra8 45. Bxa6 bxa6 46. Raxa6 Rac8 47. Qc2 Qd6 48. Qb1 Re7 49. Rb7 Kf6 50. Raa7 Rce8 51. Qb6 Rxb7 52. Rxb7 Re7 53. Rb8 Qc7 54. Qb4 Kf7 55. Rb6 Kg7 56. Rxc6 Qxc6 57. Qxe7+ Kg8 58. Kg2 Qb5 59. Kf3 Qf1 60. Kf4 1-0

[Event "Olympiad-32"]
[Site "Yerevan"]
[Date "1996.09.19"]
[Round "4.3"]
[White "Hebert, Jean"]
[Black "Ilincic, Zlatko"]
[Result "1/2-1/2"]
[WhiteElo "2435"]
[BlackElo "2520"]
[PlyCount "101"]
[GameId "1166639838982144"]
[EventDate "1996.09.15"]
[EventType "team-swiss"]
[EventRounds "14"]
[EventCountry "ARM"]
[SourceTitle "CBM 055"]
[Source "ChessBase"]
[SourceDate "1996.12.01"]
[SourceVersion "1"]
[SourceVersionDate "1996.12.01"]
[SourceQuality "1"]
[WhiteTeam "Canada"]
[BlackTeam "Yugoslavia"]
[WhiteTeamCountry "CAN"]
[BlackTeamCountry "YUG"]

1. Nf3 Nf6 2. d4 g6 3. c4 Bg7 4. Nc3 O-O 5. e4 d6 6. Be2 e5 7. O-O Na6 8. Be3 Ng4 9. Bg5 Qe8 10. dxe5 dxe5 11. Nd2 Nh6 12. Be3 f5 13. f3 c6 14. c5 Nc7 15. Nc4 Nf7 16. exf5 gxf5 17. f4 e4 18. Qb3 Be6 19. Qxb7 Nd5 20. Bd2 Bd4+ 21. Kh1 Bxc5 22. Qa6 Rd8 23. Rad1 Nb6 24. Bc1 Qe7 25. Nxb6 axb6 26. Qa4 b5 27. Qa6 Rc8 28. b3 Rc7 29. Bb2 Bc8 30. Qa8 Bb7 31. Qa5 Ra8 32. Qxa8+ Bxa8 33. g4 Rd7 34. gxf5 Rxd1 35. Rxd1 Bf2 36. Kg2 e3 37. Bf3 Nd6 38. Kf1 b4 39. Na4 Nxf5 40. Nb6 Bb7 41. Be2 Qh4 42. Bc4+ Kf8 43. Nd7+ Ke7 44. Bf6+ Qxf6 45. Nxf6 Kxf6 46. Rd7 Bc8 47. Rf7+ Kg6 48. Rc7 Nd6 49. Rxc6 Bh3+ 50. Ke2 Bg4+ 51. Kf1 1/2-1/2

[Event "Olympiad-32"]
[Site "Yerevan"]
[Date "1996.09.20"]
[Round "5.3"]
[White "Santacruz, Cesar S"]
[Black "Hebert, Jean"]
[Result "1/2-1/2"]
[WhiteElo "2295"]
[BlackElo "2435"]
[PlyCount "40"]
[GameId "1166639839834112"]
[EventDate "1996.09.15"]
[EventType "team-swiss"]
[EventRounds "14"]
[EventCountry "ARM"]
[SourceTitle "CBM 055"]
[Source "ChessBase"]
[SourceDate "1996.12.01"]
[SourceVersion "1"]
[SourceVersionDate "1996.12.01"]
[SourceQuality "1"]
[WhiteTeam "Paraguay"]
[BlackTeam "Canada"]
[WhiteTeamCountry "PAR"]
[BlackTeamCountry "CAN"]

1. e4 e6 2. d4 d5 3. Nc3 Bb4 4. e5 Ne7 5. a3 Bxc3+ 6. bxc3 c5 7. a4 Nbc6 8. Nf3 Qa5 9. Bd2 Bd7 10. Bd3 c4 11. Be2 f6 12. O-O fxe5 13. Nxe5 Nxe5 14. dxe5 O-O-O 15. Qc1 Qc7 16. Qa3 Rde8 17. f4 h5 18. Be3 Nf5 19. Bd4 Kb8 20. a5 Bb5 1/2-1/2

[Event "Olympiad-32"]
[Site "Yerevan"]
[Date "1996.09.24"]
[Round "8.2"]
[White "Hebert, Jean"]
[Black "Curi, Gabriel"]
[Result "1-0"]
[WhiteElo "2435"]
[BlackElo "2310"]
[PlyCount "115"]
[GameId "1166639842369536"]
[EventDate "1996.09.15"]
[EventType "team-swiss"]
[EventRounds "14"]
[EventCountry "ARM"]
[SourceTitle "CBM 055"]
[Source "ChessBase"]
[SourceDate "1996.12.01"]
[SourceVersion "1"]
[SourceVersionDate "1996.12.01"]
[SourceQuality "1"]
[WhiteTeam "Canada"]
[BlackTeam "Uruguay"]
[WhiteTeamCountry "CAN"]
[BlackTeamCountry "URU"]

1. Nf3 d5 2. c4 c6 3. d4 Nf6 4. Nc3 e6 5. e3 Nbd7 6. Qc2 Bd6 7. b3 O-O 8. Be2 e5 9. cxd5 Nxd5 10. Nxd5 cxd5 11. dxe5 Nxe5 12. Bb2 Nxf3+ 13. Bxf3 Bb4+ 14. Kf1 Be6 15. Qd3 Be7 16. Bd4 Bf6 17. g3 Bxd4 18. Qxd4 Qb6 19. Qxb6 axb6 20. Kg2 Rfc8 21. Rhd1 Rc5 22. Rd2 g6 23. Rad1 h5 24. h3 Kg7 25. Rb2 Rca5 26. Rdd2 Kf8 27. b4 Ra3 28. Bxd5 Bxd5+ 29. Rxd5 Rxa2 30. Rxa2 Rxa2 31. Rd6 Rc2 32. Rxb6 Rc7 33. Kf3 Re7 34. Kf4 Ke8 35. Kg5 Rd7 36. Kf4 Re7 37. g4 hxg4 38. hxg4 Kd8 39. e4 Rc7 40. Ke5 Re7+ 41. Kf4 Rc7 42. f3 Ke7 43. Kg5 Rd7 44. e5 Rc7 45. e6 fxe6 46. Kxg6 Rd7 47. f4 Rc7 48. b5 Kd7 49. g5 Ke7 50. Kg7 Rc4 51. Rxb7+ Kd6 52. Rf7 Rb4 53. g6 Rxb5 54. Kh6 Rb1 55. g7 Rh1+ 56. Kg6 Rg1+ 57. Kf6 Rg4 58. Rf8 1-0

[Event "Olympiad-32"]
[Site "Yerevan"]
[Date "1996.09.25"]
[Round "9.3"]
[White "Shaw, John"]
[Black "Hebert, Jean"]
[Result "1/2-1/2"]
[WhiteElo "2335"]
[BlackElo "2435"]
[PlyCount "77"]
[GameId "1166639843237888"]
[EventDate "1996.09.15"]
[EventType "team-swiss"]
[EventRounds "14"]
[EventCountry "ARM"]
[SourceTitle "CBM 055"]
[Source "ChessBase"]
[SourceDate "1996.12.01"]
[SourceVersion "1"]
[SourceVersionDate "1996.12.01"]
[SourceQuality "1"]
[WhiteTeam "Scotland"]
[BlackTeam "Canada"]
[WhiteTeamCountry "SCO"]
[BlackTeamCountry "CAN"]

1. e4 e6 2. d4 d5 3. e5 c5 4. c3 Nc6 5. Nf3 Bd7 6. Be2 f6 7. O-O fxe5 8. Nxe5 Nxe5 9. dxe5 Qc7 10. f4 Ne7 11. Nd2 Nf5 12. Nf3 h5 13. Bd3 g6 14. Qe1 Be7 15. Be3 O-O-O 16. Bf2 Kb8 17. b4 Rc8 18. Rb1 cxb4 19. cxb4 Ba4 20. Rb2 Qc3 21. Qe2 b6 22. Rfb1 h4 23. Be1 Qc6 24. Bf2 Qd7 25. Nd4 Rc3 26. Ba6 Rf8 27. Qd2 Rc7 28. Bd3 Rfc8 29. Ba6 Rg8 30. Bd3 Qc8 31. Re1 Rh8 32. Reb1 Rh7 33. a3 Bd8 34. Rc1 Be8 35. Kf1 Rhf7 36. Kg1 Rg7 37. Kf1 Rgf7 38. Kg1 Rg7 39. Kf1 1/2-1/2

[Event "Olympiad-32"]
[Site "Yerevan"]
[Date "1996.09.26"]
[Round "10.3"]
[White "Hebert, Jean"]
[Black "Maki, Veijo"]
[Result "1/2-1/2"]
[WhiteElo "2435"]
[BlackElo "2410"]
[PlyCount "65"]
[GameId "1166639844122624"]
[EventDate "1996.09.15"]
[EventType "team-swiss"]
[EventRounds "14"]
[EventCountry "ARM"]
[SourceTitle "CBM 055"]
[Source "ChessBase"]
[SourceDate "1996.12.01"]
[SourceVersion "1"]
[SourceVersionDate "1996.12.01"]
[SourceQuality "1"]
[WhiteTeam "Canada"]
[BlackTeam "Finland"]
[WhiteTeamCountry "CAN"]
[BlackTeamCountry "FIN"]

1. d4 Nf6 2. Nf3 g6 3. c4 Bg7 4. Nc3 O-O 5. e4 d6 6. Be2 e5 7. O-O Nc6 8. d5 Ne7 9. b4 Nh5 10. c5 a5 11. cxd6 cxd6 12. Ba3 Nf4 13. bxa5 Rxa5 14. Bb4 Nxe2+ 15. Qxe2 Ra6 16. Nd2 f5 17. Rab1 fxe4 18. Ndxe4 Nf5 19. Nb5 Nd4 20. Qc4 Nxb5 21. Qxb5 Bf5 22. Rbe1 Bxe4 23. Rxe4 Rxa2 24. Qxb7 Rf4 25. Rxf4 exf4 26. Qc6 Be5 27. Qc4 Rb2 28. Rc1 f3 29. Bc3 Qg5 30. Qc8+ Kf7 31. Qd7+ Kf8 32. Qc8+ Kg7 33. Qd7+ 1/2-1/2

[Event "Olympiad-32"]
[Site "Yerevan"]
[Date "1996.09.27"]
[Round "11.2"]
[White "Hebert, Jean"]
[Black "Konguvel, Ponnuswamy"]
[Result "1-0"]
[WhiteElo "2435"]
[BlackElo "2385"]
[PlyCount "47"]
[GameId "1166639844986880"]
[EventDate "1996.09.15"]
[EventType "team-swiss"]
[EventRounds "14"]
[EventCountry "ARM"]
[SourceTitle "CBM 055"]
[Source "ChessBase"]
[SourceDate "1996.12.01"]
[SourceVersion "1"]
[SourceVersionDate "1996.12.01"]
[SourceQuality "1"]
[WhiteTeam "Canada"]
[BlackTeam "India"]
[WhiteTeamCountry "CAN"]
[BlackTeamCountry "IND"]

1. c4 Nf6 2. Nc3 c5 3. Nf3 g6 4. g3 b6 5. e4 Bb7 6. d3 Bg7 7. Bg2 O-O 8. O-O d6 9. Nh4 Nc6 10. f4 e6 11. f5 Nd7 12. Be3 Nd4 13. Qd2 exf5 14. exf5 Bxg2 15. Kxg2 Nf6 16. Bg5 Qd7 17. Bxf6 Bxf6 18. Nd5 Bxh4 19. gxh4 f6 20. fxg6 Rae8 21. Rae1 Qg4+ 22. Kh1 Nf3 23. Qh6 Qxh4 24. Nxf6+ 1-0

[Event "Olympiad-32"]
[Site "Yerevan"]
[Date "1996.09.28"]
[Round "12.3"]
[White "Hebert, Jean"]
[Black "Kaabi, Mejdi"]
[Result "1-0"]
[WhiteElo "2435"]
[BlackElo "2395"]
[PlyCount "73"]
[GameId "1166639845842944"]
[EventDate "1996.09.15"]
[EventType "team-swiss"]
[EventRounds "14"]
[EventCountry "ARM"]
[SourceTitle "CBM 055"]
[Source "ChessBase"]
[SourceDate "1996.12.01"]
[SourceVersion "1"]
[SourceVersionDate "1996.12.01"]
[SourceQuality "1"]
[WhiteTeam "Canada"]
[BlackTeam "Tunisia"]
[WhiteTeamCountry "CAN"]
[BlackTeamCountry "TUN"]

1. d4 Nf6 2. Nf3 g6 3. g3 Bg7 4. Bg2 O-O 5. b3 c5 6. O-O cxd4 7. Nxd4 d5 8. Bb2 Nc6 9. Nxc6 bxc6 10. Nd2 Bg4 11. h3 Bf5 12. Qc1 Rc8 13. Kh2 c5 14. c4 d4 15. Nf3 Re8 16. Nh4 Bd7 17. e4 e5 18. Qd2 Nh5 19. Rae1 Nf4 20. Bc1 Nxg2 21. Nxg2 f5 22. f3 a5 23. Re2 Qb6 24. Ne3 fxe4 25. fxe4 Qe6 26. Nd5 Qxh3+ 27. Kg1 Rf8 28. Qe1 Kh8 29. Bd2 Bg4 30. Rxf8+ Rxf8 31. Rh2 Qxh2+ 32. Kxh2 d3 33. Nc3 Rf3 34. Kg2 h5 35. Bg5 Kh7 36. Qd2 Bf8 37. Nd5 1-0

[Event "Olympiad-32"]
[Site "Yerevan"]
[Date "1996.09.30"]
[Round "13.3"]
[White "Zarnicki, Pablo Adrian"]
[Black "Hebert, Jean"]
[Result "1-0"]
[WhiteElo "2540"]
[BlackElo "2435"]
[PlyCount "79"]
[GameId "1166639846469632"]
[EventDate "1996.09.15"]
[EventType "team-swiss"]
[EventRounds "14"]
[EventCountry "ARM"]
[SourceTitle "CBM 055"]
[Source "ChessBase"]
[SourceDate "1996.12.01"]
[SourceVersion "1"]
[SourceVersionDate "1996.12.01"]
[SourceQuality "1"]
[WhiteTeam "Argentina"]
[BlackTeam "Canada"]
[WhiteTeamCountry "ARG"]
[BlackTeamCountry "CAN"]

1. e4 e6 2. d4 d5 3. Nd2 Nf6 4. Bd3 c5 5. e5 Nfd7 6. c3 Nc6 7. Ngf3 cxd4 8. cxd4 f6 9. Ng5 Ndxe5 10. dxe5 fxg5 11. Qh5+ Kd7 12. Nf3 g6 13. Qg4 Be7 14. Nxg5 Bxg5 15. Bxg5 Qa5+ 16. Bd2 Nxe5 17. Qd4 Nxd3+ 18. Qxd3 Qa4 19. O-O Rf8 20. Rac1 Rf7 21. b3 Qa6 22. Qd4 b5 23. Bf4 Qb6 24. Rc7+ Qxc7 25. Bxc7 Kxc7 26. Rc1+ Kb7 27. Qc5 a6 28. a4 bxa4 29. Qb4+ Ka7 30. Rc6 Rb8 31. Qc5+ Kb7 32. bxa4 d4 33. f3 d3 34. Qc4 Ra8 35. Qe4 Rb8 36. Qc4 Ra8 37. Kf2 Rd7 38. Ke1 d2+ 39. Kd1 e5 40. h4 1-0

[Event "Foxwoods op 02nd"]
[Site "Connecticut"]
[Date "2000.04.22"]
[Round "4"]
[White "Lerner, David B"]
[Black "Hebert, Jean"]
[Result "0-1"]
[WhiteElo "2135"]
[BlackElo "2462"]
[PlyCount "74"]
[GameId "1166642671058944"]
[EventDate "2000.04.20"]
[EventType "swiss"]
[EventRounds "7"]
[EventCountry "USA"]
[SourceTitle "EXT 2001"]
[Source "ChessBase"]
[SourceDate "2000.11.22"]
[SourceVersion "1"]
[SourceVersionDate "2000.11.22"]
[SourceQuality "1"]

1. Nf3 Nf6 2. g3 g6 3. Bg2 Bg7 4. O-O O-O 5. d3 d5 6. Nbd2 c5 7. e4 Nc6 8. Re1 e5 9. h3 Rb8 10. a4 Re8 11. c3 h6 12. Qe2 a6 13. Nf1 d4 14. c4 b5 15. axb5 axb5 16. N3d2 Na5 17. b3 Bd7 18. Ba3 Bf8 19. Reb1 Qc7 20. Qd1 Nh7 21. g4 Ng5 22. Ng3 Ne6 23. Nf3 bxc4 24. bxc4 Ra8 25. Bc1 Nc6 26. Kh2 Reb8 27. Kg1 Rxb1 28. Rxb1 Nb4 29. Ne1 Ra2 30. Bf3 Ba4 31. Rb3 Nc6 32. Nf5 gxf5 33. gxf5 Nf4 34. Bxf4 exf4 35. Bh5 Bxb3 36. Qg4+ Kh8 37. Nf3 Bd1 0-1

[Event "New York op"]
[Site "New York"]
[Date "2000.05.07"]
[Round "5"]
[White "Dvoirys, Semen I"]
[Black "Hebert, Jean"]
[Result "1-0"]
[WhiteElo "2591"]
[BlackElo "2462"]
[PlyCount "101"]
[GameId "1166642696667136"]
[EventDate "2000.05.05"]
[EventType "swiss"]
[EventRounds "9"]
[EventCountry "USA"]
[SourceTitle "CBM 076 Extra"]
[Source "ChessBase"]
[SourceDate "2000.07.11"]
[SourceVersion "1"]
[SourceVersionDate "2000.07.11"]
[SourceQuality "1"]

1. e4 c5 2. Nf3 Nc6 3. d4 cxd4 4. Nxd4 e5 5. Nb5 d6 6. c4 Be7 7. N1c3 a6 8. Na3 Be6 9. Nc2 Rc8 10. Nd5 Bg5 11. Bxg5 Qxg5 12. g3 Qd8 13. Bg2 Nf6 14. O-O O-O 15. Qd2 Bxd5 16. cxd5 Ne7 17. Ne3 b5 18. a4 Qb6 19. axb5 axb5 20. Qb4 Rb8 21. Ra5 Rfc8 22. Rfa1 Ne8 23. Bf1 Qd4 24. Qxd4 exd4 25. Ng2 b4 26. Ne1 f5 27. exf5 Nf6 28. Bd3 Nfxd5 29. Nf3 Nb6 30. Nxd4 Nc6 31. Nxc6 Rxc6 32. Rb5 Nd7 33. Rxb8+ Nxb8 34. Ra7 Rc1+ 35. Kg2 Nc6 36. Rd7 Ne5 37. Rxd6 Nxd3 38. Rxd3 Rc2 39. b3 Rc3 40. Re3 Kf7 41. g4 Kf6 42. Kg3 h5 43. h3 hxg4 44. hxg4 Kg5 45. f4+ Kf6 46. Kf3 Rc1 47. Ke4 Kf7 48. g5 Rc5 49. Rd3 Ke7 50. Rd4 Rb5 51. Rd5 1-0

[Event "New York op"]
[Site "New York"]
[Date "2000.05.08"]
[Round "6"]
[White "Hebert, Jean"]
[Black "Arnett, David A"]
[Result "0-1"]
[WhiteElo "2462"]
[BlackElo "2310"]
[PlyCount "120"]
[GameId "1166642696810496"]
[EventDate "2000.05.05"]
[EventType "swiss"]
[EventRounds "9"]
[EventCountry "USA"]
[SourceTitle "CBM 076 Extra"]
[Source "ChessBase"]
[SourceDate "2000.07.11"]
[SourceVersion "1"]
[SourceVersionDate "2000.07.11"]
[SourceQuality "1"]

1. e4 c5 2. Nf3 d6 3. d4 cxd4 4. Nxd4 Nf6 5. Nc3 Nc6 6. Bg5 e6 7. Qd2 a6 8. O-O-O Bd7 9. f4 h6 10. Bh4 g5 11. fxg5 Ng4 12. Be2 Nge5 13. Bg3 hxg5 14. Kb1 Be7 15. Rhf1 Rh7 16. Rf2 Qb6 17. Nb3 O-O-O 18. Rdf1 Kb8 19. h3 Rc8 20. a3 Be8 21. Bh2 Qc7 22. Bg1 Na5 23. Nxa5 Qxa5 24. Qd4 Nc6 25. Qe3 Qe5 26. g4 Qa5 27. Rf3 b5 28. Nd5 Bd8 29. Nb4 f6 30. Qd2 Nxb4 31. axb4 Qc7 32. Rd3 Be7 33. Rff3 Bg6 34. Rc3 Qb7 35. Rxc8+ Kxc8 36. Rc3+ Kb8 37. Bh2 e5 38. Qd5 Qxd5 39. exd5 Be4 40. Bf1 Bxd5 41. b3 Be6 42. Bg1 Bd5 43. Rd3 Bc6 44. Rc3 Kb7 45. Re3 d5 46. c3 Bd6 47. Kc2 e4 48. Re2 Bd7 49. Bd4 f5 50. gxf5 Bxf5 51. Be3 Bf4 52. Rf2 Rh4 53. Kd2 Kc6 54. Ke2 Bxh3 55. c4 Bxf1+ 56. Rxf1 bxc4 57. bxc4 Rh2+ 58. Rf2 Rxf2+ 59. Bxf2 dxc4 60. Bd4 Kb5 0-1

[Event "New York op"]
[Site "New York"]
[Date "2000.05.08"]
[Round "6"]
[White "Hebert, Jean"]
[Black "Arnett, David A"]
[Result "1/2-1/2"]
[WhiteElo "2462"]
[BlackElo "2310"]
[PlyCount "68"]
[GameId "1166642696814592"]
[EventDate "2000.05.05"]
[EventType "swiss"]
[EventRounds "9"]
[EventCountry "USA"]
[SourceTitle "CBM 076 Extra"]
[Source "ChessBase"]
[SourceDate "2000.07.11"]
[SourceVersion "1"]
[SourceVersionDate "2000.07.11"]
[SourceQuality "1"]

1. d4 Nf6 2. c4 c6 3. Nc3 d5 4. e3 e6 5. Nf3 Nbd7 6. Qc2 Bd6 7. b3 O-O 8. Be2 b6 9. O-O Bb7 10. Bb2 Rc8 11. Rad1 Qe7 12. e4 dxe4 13. Nxe4 Nxe4 14. Qxe4 Nf6 15. Qh4 c5 16. Bd3 h6 17. d5 exd5 18. Rfe1 Qd8 19. cxd5 Rc7 20. Bxf6 Qxf6 21. Qxf6 gxf6 22. Nh4 Bc8 23. Bf5 Bb7 24. Bg4 c4 25. Nf5 Rd8 26. bxc4 Ba6 27. Nxh6+ Kf8 28. Nf5 Bxc4 29. Re3 Bxa2 30. Rh3 Kg8 31. Nh6+ Kg7 32. Nf5+ Kg8 33. Nh6+ Kg7 34. Nf5+ Kg8 1/2-1/2

[Event "Olympiad-35"]
[Site "Bled"]
[Date "2002.10.31"]
[Round "6.4"]
[White "Hebert, Jean"]
[Black "Nikolaidis, Ioannis"]
[Result "1/2-1/2"]
[WhiteElo "2425"]
[BlackElo "2495"]
[PlyCount "111"]
[GameId "1166644867784704"]
[EventDate "2002.10.26"]
[EventType "team-swiss"]
[EventRounds "14"]
[EventCountry "SLO"]
[SourceTitle "EXT 2003"]
[Source "ChessBase"]
[SourceDate "2002.11.25"]
[SourceVersion "1"]
[SourceVersionDate "2002.11.25"]
[SourceQuality "1"]
[WhiteTeam "Canada"]
[BlackTeam "Greece"]
[WhiteTeamCountry "CAN"]
[BlackTeamCountry "GRE"]

1. Nf3 c5 2. c4 b6 3. g3 Bb7 4. Bg2 g6 5. O-O Bg7 6. Nc3 Nf6 7. d3 O-O 8. e4 Nc6 9. Nh4 e6 10. f4 d6 11. f5 Nd7 12. Be3 Nde5 13. Kh1 Nb4 14. Qe2 Nbxd3 15. Rad1 g5 16. Nf3 Nxf3 17. Qxf3 Ne5 18. Qh5 f6 19. b3 Qe7 20. Bh3 g4 21. Bxg4 Nxg4 22. Qxg4 exf5 23. Qxf5 Rae8 24. Bf4 Bxe4+ 25. Nxe4 Qxe4+ 26. Qxe4 Rxe4 27. Bxd6 Rfe8 28. Kg2 Kf7 29. Bf4 R8e7 30. Rf2 Kg6 31. Rd6 h5 32. Kf3 Re1 33. Rdd2 R1e4 34. Rfe2 Rxe2 35. Rxe2 Rd7 36. Rd2 Re7 37. Rd8 Bh6 38. Bb8 Bc1 39. Rd1 Bb2 40. Bf4 Bd4 41. Bd2 Kf5 42. h3 Rg7 43. Rh1 Rd7 44. g4+ hxg4+ 45. hxg4+ Ke6 46. Rh8 Be5 47. Be3 Bd4 48. Bxd4 Rxd4 49. Re8+ Kf7 50. Ra8 Rd7 51. Kf4 Re7 52. Rc8 Kg6 53. Rg8+ Kf7 54. Rd8 Kg6 55. Rg8+ Kf7 56. Rd8 1/2-1/2

[Event "Olympiad-35"]
[Site "Bled"]
[Date "2002.11.05"]
[Round "10.4"]
[White "Maharramzade, Javad"]
[Black "Hebert, Jean"]
[Result "1/2-1/2"]
[WhiteElo "2469"]
[BlackElo "2425"]
[PlyCount "106"]
[GameId "1166644871970816"]
[EventDate "2002.10.26"]
[EventType "team-swiss"]
[EventRounds "14"]
[EventCountry "SLO"]
[SourceTitle "EXT 2003"]
[Source "ChessBase"]
[SourceDate "2002.11.25"]
[SourceVersion "1"]
[SourceVersionDate "2002.11.25"]
[SourceQuality "1"]
[WhiteTeam "Azerbaijan"]
[BlackTeam "Canada"]
[WhiteTeamCountry "AZE"]
[BlackTeamCountry "CAN"]

1. Nf3 Nf6 2. g3 d5 3. Bg2 c6 4. O-O Bf5 5. c4 e6 6. cxd5 exd5 7. d3 Na6 8. Nh4 Be6 9. Nd2 Bc5 10. a3 O-O 11. b4 Be7 12. Bb2 Nc7 13. Nb3 Nb5 14. Qc2 Nd7 15. Nf3 Bf6 16. a4 Nd6 17. h3 Bxb2 18. Qxb2 Qe7 19. Rab1 Rfc8 20. Rfc1 Rab8 21. Rc2 Nf5 22. Nbd4 Nxd4 23. Nxd4 Qd6 24. Qc1 Re8 25. Qd2 a6 26. Rbc1 Ra8 27. Nb3 Rac8 28. Qc3 Qb8 29. Qd4 Qa8 30. Kh2 Rcd8 31. Qf4 Nf8 32. Qd4 Bc8 33. Qb2 Rd6 34. Kg1 Rh6 35. h4 Bg4 36. b5 axb5 37. axb5 Nd7 38. Nd4 c5 39. Rxc5 Nxc5 40. Rxc5 Qa5 41. Rc1 Be6 42. Bf3 Qb6 43. Qc3 Rf6 44. Kg2 h6 45. h5 Rc8 46. Qxc8+ Bxc8 47. Rxc8+ Kh7 48. e3 Rd6 49. Re8 Qc7 50. Bg4 g6 51. hxg6+ fxg6 52. Bf3 Qf7 53. Rc8 Rd7 1/2-1/2

[Event "Vermont CCA/ICC op"]
[Site "Stratton Mountain"]
[Date "2004.06.09"]
[Round "2"]
[White "Fridman, Daniel"]
[Black "Hebert, Jean"]
[Result "1-0"]
[WhiteElo "2594"]
[BlackElo "2412"]
[PlyCount "29"]
[GameId "1166646478258176"]
[EventDate "2004.06.08"]
[EventType "swiss"]
[EventRounds "10"]
[EventCountry "USA"]
[SourceTitle "CBM 100 Extra"]
[Source "ChessBase"]
[SourceDate "2004.07.06"]
[SourceVersion "2"]
[SourceVersionDate "2004.07.06"]
[SourceQuality "1"]

1. Nf3 Nf6 2. d4 e6 3. g3 b5 4. Bg2 Bb7 5. O-O c5 6. c3 cxd4 7. cxd4 Bxf3 8. Bxf3 d5 9. Bf4 Nc6 10. Nc3 Qb6 11. e4 dxe4 12. Nxe4 Nd5 13. Nd6+ Bxd6 14. Bxd6 Nxd4 15. Bxd5 1-0

[Event "Vermont CCA/ICC op"]
[Site "Stratton Mountain"]
[Date "2004.06.10"]
[Round "5"]
[White "Hebert, Jean"]
[Black "Friedel, Joshua E"]
[Result "0-1"]
[WhiteElo "2412"]
[BlackElo "2398"]
[PlyCount "80"]
[GameId "1166646478348288"]
[EventDate "2004.06.08"]
[EventType "swiss"]
[EventRounds "10"]
[EventCountry "USA"]
[SourceTitle "CBM 100 Extra"]
[Source "ChessBase"]
[SourceDate "2004.07.06"]
[SourceVersion "2"]
[SourceVersionDate "2004.07.06"]
[SourceQuality "1"]

1. Nf3 Nc6 2. d4 d5 3. c4 Bg4 4. cxd5 Bxf3 5. gxf3 Qxd5 6. e3 e5 7. Nc3 Bb4 8. Bd2 Bxc3 9. bxc3 Qd6 10. Rb1 Rb8 11. Bg2 Nge7 12. f4 exf4 13. e4 O-O 14. e5 Qa3 15. O-O Ng6 16. Qc2 Qa6 17. Rfe1 Nce7 18. Kh1 Qe6 19. c4 Qg4 20. Qe4 b6 21. d5 Nh4 22. Rg1 Neg6 23. Rb3 Nxg2 24. Rg3 Qh5 25. R3xg2 Rbe8 26. Bc3 Qh3 27. f3 Re7 28. Qe2 Rfe8 29. Qf1 Qf5 30. Rg5 Qc2 31. Ba1 Kh8 32. Qh3 Qxc4 33. e6 Kg8 34. Rh5 fxe6 35. d6 cxd6 36. Rxh7 Qd3 37. Qh5 Rc8 38. Bb2 Rc5 39. Qh3 Qf5 40. Qxf5 Rxf5 0-1

[Event "EU-ch blitz"]
[Site "Ajaccio"]
[Date "2007.10.25"]
[Round "3"]
[White "Hebert, Jean"]
[Black "Bauer, Christian"]
[Result "0-1"]
[WhiteElo "2392"]
[BlackElo "2634"]
[PlyCount "34"]
[GameId "1166650033405952"]
[EventDate "2007.10.25"]
[EventType "swiss (blitz)"]
[EventRounds "32"]
[EventCountry "FRA"]
[SourceTitle "CBM 120 Extra"]
[Source "ChessBase"]
[SourceDate "2007.11.01"]
[SourceVersion "1"]
[SourceVersionDate "2007.11.01"]
[SourceQuality "1"]

1. d4 Nc6 2. Nc3 e5 3. dxe5 Nxe5 4. Bf4 Ng6 5. Nd5 Nxf4 6. Nxf4 Nf6 7. f3 d5 8. Qd2 Bd6 9. O-O-O O-O 10. Nxd5 Nxd5 11. Qxd5 Bf4+ 12. Kb1 Be6 13. Qxd8 Raxd8 14. Rxd8 Rxd8 15. b3 Rd1+ 16. Kb2 Rxf1 17. g3 Be3 0-1

[Event "EU-ch blitz"]
[Site "Ajaccio"]
[Date "2007.10.25"]
[Round "4"]
[White "Bauer, Christian"]
[Black "Hebert, Jean"]
[Result "1-0"]
[WhiteElo "2634"]
[BlackElo "2392"]
[PlyCount "41"]
[GameId "1166650033430528"]
[EventDate "2007.10.25"]
[EventType "swiss (blitz)"]
[EventRounds "32"]
[EventCountry "FRA"]
[SourceTitle "CBM 120 Extra"]
[Source "ChessBase"]
[SourceDate "2007.11.01"]
[SourceVersion "1"]
[SourceVersionDate "2007.11.01"]
[SourceQuality "1"]

1. e4 c6 2. c4 d5 3. exd5 cxd5 4. cxd5 Qxd5 5. Nc3 Qd7 6. d4 g6 7. Bb5 Nc6 8. d5 a6 9. Ba4 b5 10. dxc6 Qxc6 11. Bb3 Bd7 12. Bd5 Qc5 13. Bxa8 Nf6 14. Be3 Qe5 15. Nf3 Qh5 16. Nd5 Bg7 17. Nc7+ Kf8 18. Rc1 b4 19. O-O Qa5 20. Bg5 Bg4 21. Qd8+ 1-0